000 00625cam a22002293a 4500
001 22814
003 PGUSA
005 20140828083503.0
008 070930s2007||||xxu|||||s|||||000 | eng d
040 _aPGUSA
_beng
042 _adc
050 4 _aBF
100 1 _aPowers, Melvin,
_d1922-
245 1 2 _aA Practical Guide to Self-Hypnosis
_h[electronic resource] /
_cMelvin Powers
260 _bProject Gutenberg,
_c2007
506 _aPublic domain in the USA.
516 _aElectronic text
653 _aHypnotism
830 0 _aProject Gutenberg
_v22814
856 4 0 _uhttp://www.gutenberg.org/ebooks/22814
942 _cEB
999 _c252069
_d252069